Microprocessors.
Guardado en:
| Autor Corporativo: | |
|---|---|
| Formato: | Libro |
| Idioma: | English |
| Publicado: |
[s.l.] :
Intel corporation,
1992.
|
| Materias: | |
| Etiquetas: |
Agregar Etiqueta
Sin Etiquetas, Sea el primero en etiquetar este registro!
|
| LEADER | 00778nam a22002175a 4500 | ||
|---|---|---|---|
| 001 | EIQ.libpla003969 | ||
| 008 | 080417s1992####xx#a#####f####000#0#eng#d | ||
| 005 | 20130307150911.0 | ||
| 245 | 1 | 0 | |a Microprocessors. |
| 260 | |a [s.l.] : |b Intel corporation, |c 1992. | ||
| 300 | |a 2 v. : |b il. ; |c 24 cm. | ||
| 020 | |a 1555121691 (vol 1) | ||
| 020 | |a 1555121705 (vol 2) | ||
| 650 | 4 | |a Electrónica |x Handbook, manuales, etc. | |
| 650 | 4 | |a Microprocesadores |x Handbook, manuales, etc. | |
| 650 | 4 | |a Electronics |x Handbook, manuals, etc. | |
| 650 | 4 | |a Microprocessers |x Handbook, manuals, etc. | |
| 040 | |a AR-BbSID |b spa |c AR-BbSID | ||
| 110 | 2 | |a Intel corporation. | |
| 859 | |a AR-BbSID |b BIB. PLAPIQUI |h 621.381 1 |i In 8 |p 4049 |v 1 |3 Vol. 1 | ||
| 859 | |a AR-BbSID |b BIB. PLAPIQUI |h 621.381 1 |i In 8 |p 4054 |v 2 |3 Vol. 2 | ||
